Größte Stadt beginnend mit T in Diesem Land - Statistiken

Allgemein
  • Dieses Quiz wurde 311 mal gespielt
  • Das Durchschnittsergebnis liegt bei 11 aus 18
Antwortstatistiken
Land T Stadt % Korrekt
Albanien Tirana
96%
Estland Tallinn
92%
Iran Teheran
92%
Kanada Toronto
92%
Italien Turin
90%
Frankreich Toulouse
83%
Israel Tel Aviv
78%
Griechenland Thessaloniki
74%
Usbekistan Taschkent
66%
Bhutan Thimphu
54%
Marokko Tangier
47%
Mali Timbuktu
46%
Finnland Tampere
45%
Mexiko Tijuana
30%
China Tianjin
28%
Georgien Tbilisi
20%
Vereinigte Staaten Tucson
20%
Österreich Traun
12%
Keine übereinstimmenden Quizze gefunden
Verteilung der Resultate
Anzahl Personen mit jedem Resultat
Perzentil nach korrekt beantworteten Fragen
Ihre Resultats-Entwicklung
Sie haben dieses Quiz noch nicht gespielt